Vírgenes cristianas de la Iglesia Primitiva, Las / [por] Francisco de B. Vizmanos

שמור ב:
מידע ביבליוגרפי
מחבר ראשי: Vizmanos, Francisco de B., S.J (autor)
פורמט: ספר
סדרה:Col. "BAC Normal" (45)
נושאים:
תגים: הוספת תג
אין תגיות, היה/י הראשונ/ה לתייג את הרשומה!

MARC

LEADER 00000nam^a2200000^u^4500
001 000544181
005 20250521000000.0
008 060220s1000^^^^^^^^^^^^r^^^^^000^0^spa^d
009 20260310131322.681
035 |a FMI 000013282 
037 |a Acervo Xavier Clavigero 
096 |a 2.1/44/B 
100 |a Vizmanos, Francisco de B., S.J.  |e (autor) 
245 1 0 |a Vírgenes cristianas de la Iglesia Primitiva, Las / [por] Francisco de B. Vizmanos 
264 |a Madrid : BAC, 1949 
300 |a xxiv, 1306 p. 
336 |a texto  |b txt  |2 rdacontenido 
337 |a sin mediación  |b n  |2 rdamedio 
338 |a volumen  |b nc  |2 rdasoporte 
440 0 |a Col. "BAC Normal" (45) 
597 |a Estudio histórico-ideológico seguido de una antología de Tratados Patrísticos sobre la Virginidad 
649 |a XX 
650 |a COLECCION "BAC" (45) 
910 |a Fondo Francisco Migoya Covarrubias S.J. 
920 |a Impresos - Libros 
930 |a Fondos Especiales 
905 |a 134 
901 |a SBC05469  |b IT2  |c ESP  |u 20250521 
902 |a https://opac.biblio.iteso.mx/vufind/Record/000544181